Design and Fabrication of Automatic Paint System (Record no. 58486)

MARC details
000 -LEADER
fixed length control field 00401nam a2200157Ia 4500
100 ## - MAIN ENTRY--AUTHOR NAME
Personal name 11ME27
100 ## - MAIN ENTRY--AUTHOR NAME
Personal name Kashif Ahmed Soomro
245 #0 - TITLE STATEMENT
Title Design and Fabrication of Automatic Paint System
260 ## - PUBLICATION, DISTRIBUTION, ETC. (IMPRINT)
Place of publication Nawabshah
260 ## - PUBLICATION, DISTRIBUTION, ETC. (IMPRINT)
Name of publisher QUEST
260 ## - PUBLICATION, DISTRIBUTION, ETC. (IMPRINT)
Year of publication 2011
300 ## - PHYSICAL DESCRIPTION
Number of Pages 59
700 ## - ADDED ENTRY--PERSONAL NAME
Personal name Department of Mechanical Engineering
Holdings
Withdrawn status Lost status Home library Current library Date acquired Accession Number Koha item type
    Central Library, QUEST, Nawabshah Research Section 24/04/2018 MEP/25-320 Thesis and Dissertation